1545 1271 1570 1509 1550 1874 1759 1160 1844 1776 1721 1078 1581 1195 1992 1765 1776 1972 1050 1045 1059 1875 1996 1627 1925 1740 1489 1233 1939 1902 1626 1467 1702 1746 1919 1353 1712 1798 1263 1546 1828 1834 1104 1386 1494 1974 1954 1521 1879 1408 1058 1776 1990 1477 1998 1440 1308 1141 1339 1456 1815 1953 1869 1424 1740 1544 1593 1569 1894 1835 1068 1716 1548 1789 1385 1721 1674 1969 1147 1289 1224 1686 1154 1399 1299 1939 1508 1744 1512 1944 1778 1097 1337 1995 1459 1371 1117 1500 1311 BCNSPRNW ULIB Ver.6.0+V

เปลี่ยนเป็นภาษาไทย

Change to English
 แสดงรายละเอียดบรรณานุกรม
  กลับหน้าหลัก

Brief Record : Get Marc (ISO 2709) : E-mail record : QR code < ปิดหน้าต่าง
LEADER : 00000nam 2200000uu 4500
001    13399128903
003     ULIB
008    241028s||||||||th 000 0 tha d
020 ^- ^a 9781119649236:
060 ^- ^a QV4^bF979
245 10 ^aFundamentals of pharmacology for midwives/^cPeate, Ian, Hamilton, Cathy. [Editor]
250 ^- ^a1st ed.
260 ^- ^aNJ, USA :^bWiley Blackwell,^c2022
300 ^- ^a423
650 ^- ^aMidwives Pharmacology
945    ^p1763^l0^i011150
999    ^aประนอม เกษจรัล
รายการนี้ยังไม่มีแท็ก
คุณยังไม่ได้ล็อกอิน คุณสามารถมีกิจกรรมร่วมกับเว็บไซต์ได้ แต่ต้องล็อกอินก่อน ::
  ล็อกอิน

รายการสื่อสารสนเทศ

ลำดับที่ ประเภท เลขเรียก/บาร์โค้ด สถานที่ สถานะ
1. วิทยาศาสตร์การแพทย์ และสุขภาพ
หนังสือสำรอง
สถานะ=หนังสือสำรอง
QV4 F979 ฉ.1 
  Barcode: 011150
ห้องสมุดวิทยาเขตสวรรค์ประชารักษ์
►หนังสือทั่วไป
บนชั้น

BibComment


ยังไม่เคยถูกคอมเมนท์

คอมเมนท์ทรัพยากรรายการนี้
  คอมเมนท์: Fundamentals of ..


 Copyright 2026. Bcnsprnw @Library